Política agraria /
Guardado en:
| Autor Principal: | |
|---|---|
| Formato: | Libro |
| Idioma: | Spanish |
| Publicado: |
Buenos Aires :
El Ateneo,
1960
|
| Edición: | 2a. ed. |
| Materias: | |
| Etiquetas: |
Agregar Etiqueta
Sin Etiquetas, Sea el primero en etiquetar este registro!
|
| LEADER | 00404nam a22001455a 4500 | ||
|---|---|---|---|
| 001 | DER.der000207 | ||
| 008 | 180615s1960####ag#||||||||||||||#||spa|| | ||
| 005 | 20251218184831.0 | ||
| 245 | 1 | 0 | |a Política agraria / |c Wilhelm Abel |
| 250 | |a 2a. ed. | ||
| 260 | |a Buenos Aires : |b El Ateneo, |c 1960 | ||
| 300 | |a 395 p. | ||
| 100 | 1 | |a Abel, Wilhelm | |
| 650 | 7 | |a DERECHO AMBIENTAL | |
| 859 | |a DERECHO |b BIB. DERECHO |h 343.076 |i PER |p 000542 | ||
